000 00786nam a2200289Ia 4500
001 048018
008 221003s2016 xx 000 0 spa d
020 _a978-84-16001-60-6
035 _aCENDO_37949
041 _aspa
084 _aCD-14463
100 _aFERNANDEZ, June
_928710
245 0 _a10 ingobernables :
_bhistorias de transgresión y rebeldía /
_cJune Fernández
260 _aMadrid :
_bLibros del K.O.,
_c2016
300 _a261 p. :
_bil. ;
_c 22 cm
500 _aAgradecimientos p. 259-261
650 _aMUJERES
_9199
650 _aORIENTACION SEXUAL
_96099
650 _aDERECHOS DE LA MUJER
_9392
901 _a1
903 _aNO
904 _a000
953 _d2016-10-14
_yMONOGRAFIA
_oCD-14463
999 _c37948
_d37948
910 _a2016
942 _cMONOGRAFIA